Protimonopolnému úradu vrátiť vážnosť

Rozhovor s Ľubomírom Dolgošom o protimonopolnej politike. Vznik a pôsobenie protimonopolného úradu na Slovensku. Protimonopolná politika a privatizácia. Rozpor medzi protimonopolnou a hospodárskou politikou.

Guardado en:
Detalles Bibliográficos
Autor principal: Dolgoš, Ľubomír
Formato: Capítulo de libro
Lenguaje:eslovaco
Materias:
Etiquetas: Agregar Etiqueta
Sin Etiquetas, Sea el primero en etiquetar este registro!

MARC

LEADER 00000naa a2200000 4500
001 r033663
005 20230919122826.4
041 0 |a slo 
044 |a SK 
245 1 0 |a Protimonopolnému úradu vrátiť vážnosť  |c Ľubomír Dolgoš 
520 |a Rozhovor s Ľubomírom Dolgošom o protimonopolnej politike. Vznik a pôsobenie protimonopolného úradu na Slovensku. Protimonopolná politika a privatizácia. Rozpor medzi protimonopolnou a hospodárskou politikou. 
610 2 0 |a politika protimonopolná 
610 2 0 |a konkurencia 
610 2 0 |a privatizácia 
610 2 0 |a politika hospodárska 
610 2 0 |a podnik 
610 2 0 |a podnikanie 
610 2 0 |a Protimonopolný úrad SR Bratislava 
610 2 0 |a legislatíva 
610 2 0 |a Slovensko 
100 1 |a Dolgoš, Ľubomír